The history and politics of voting technology (Record no. 87550)
[ view plain ]
| 000 -LEADER | |
|---|---|
| fixed length control field | 01874nam a2200325Ia 4500 |
| 082 04 - DEWEY DECIMAL CLASSIFICATION NUMBER | |
| Classification number | 324.6/5/0973 |
| 100 1# - MAIN ENTRY--AUTHOR NAME | |
| Personal name | Saltman, Roy G. |
| 245 14 - TITLE STATEMENT | |
| Title | The history and politics of voting technology |
| 260 ## - PUBLICATION, DISTRIBUTION, ETC. (IMPRINT) | |
| Place of publication | New York : |
| Name of publisher | Palgrave Macmillan, |
| Year of publication | 2006. |
| 300 ## - PHYSICAL DESCRIPTION | |
| Number of Pages | xv, 240 p. |
| 505 0# - FORMATTED CONTENTS NOTE | |
| Formatted contents note | 1. The 2000 presidential election in Florida : the family secret is exposed -- 2. From the revolution to the Civil War : consent of the governed and the election clause -- 3. The late nineteenth centaury : struggling with corruption and fraud -- 4. The late nineteenth and early twentieth centuries : mechanization and political reforms -- 5. The middle and late twentieth centaury : movements for equality, enfranchisement, and voting facilitation -- 6. The middle and late twentieth century : election administration and computing technology -- 7. The great awakening after Florida, through July 2005. |
| 650 #0 - SUBJECT ADDED ENTRY--TOPICAL TERM | |
| Topical Term | Voting |
| Topical Term | Voting |
| 856 40 - ELECTRONIC LOCATION AND ACCESS | |
| Uniform Resource Identifier | http://site.ebrary.com/lib/rucke/Doc?id=10135633 |
No items available.
